Habitus : (Record no. 1293)

000 -LEADER
fixed length control field 00669nam a2200229 a 4500
001 - CONTROL NUMBER
control field 1293
003 - CONTROL NUMBER IDENTIFIER
control field BD-DhUET
008 - FIXED-LENGTH DATA ELEMENTS--GENERAL INFORMATION
fixed length control field 010928s2002 enka 101 0 eng
020 ## - INTERNATIONAL STANDARD BOOK NUMBER
International Standard Book Number 0754616894
040 ## - CATALOGING SOURCE
Original cataloging agency UKM
Transcribing agency UKM
Modifying agency BD-DhUET
082 04 - DEWEY DECIMAL CLASSIFICATION NUMBER
Classification number 307.76/
Item number HIL/2002
245 00 - TITLE STATEMENT
Title Habitus :
Remainder of title a sense of place /
Statement of responsibility, etc. edited by Jean Hillier, Emma Rooksby.
250 ## - EDITION STATEMENT
Edition statement Ist ed.
260 ## - PUBLICATION, DISTRIBUTION, ETC. (IMPRINT)
Place of publication, distribution, etc. Burlington, VT :
Name of publisher, distributor, etc. Ashgate,
Date of publication, distribution, etc. 2002.
300 ## - PHYSICAL DESCRIPTION
Extent xiii, 392 p. :
Other physical details ill. ;
Dimensions 23 cm.
504 ## - BIBLIOGRAPHY, ETC. NOTE
Bibliography, etc Includes bibliographies.
650 #0 - SUBJECT ADDED ENTRY--TOPICAL TERM
Topical term or geographic name as entry element Sociology, Urban
700 1# - ADDED ENTRY--PERSONAL NAME
Personal name Hillier, Jean.
700 1# - ADDED ENTRY--PERSONAL NAME
Personal name Rooksby, Emma.
942 ## - ADDED ENTRY ELEMENTS (KOHA)
Koha item type Edited Book
856 41 - ELECTRONIC LOCATION AND ACCESS
Uniform Resource Identifier http://www.loc.gov/catdir/toc/fy022/2001096521.html
Holdings
Not for loan Piece designation (barcode) Date acquired Koha full call number Koha normalized classification for sorting Withdrawn status Shelving location Koha date last seen Sublocation or collection (holding branch) Location (home branch) Price effective from Lost status Copy number Koha item type Damaged status Source of classification or shelving scheme
 1046532014-09-02307.76/ HIL/2002307_760000000000000_HIL2002 Circulation section2014-09-02Central Library, BUETCentral Library, BUET2014-09-02 1Edited Book  
 1046542014-09-02307.76/ HIL/2002307_760000000000000_HIL2002 Circulation section2014-09-02Central Library, BUETCentral Library, BUET2014-09-02 2Edited Book